[Event "Oregon Closed Championship"]
[Site "Portland, OR"]
[Date "2018.09.16"]
[Round "5.4"]
[White "McCoy, Owen"]
[Black "Peng, Shunkai"]
[Result "1/2-1/2"]
[WhiteElo "2203"]
[BlackElo "2352"]
[PlyCount "135"]
[EventDate "2018.09.14"]
[EventType "tourn"]
[EventRounds "9"]
[EventCountry "USA"]
[SourceDate "2018.10.18"]

1. e4 c5 2. Nf3 d6 3. Nc3 a6 4. a4 Nc6 5. g3 g6 6. Bg2 Bg7 7. O-O e6 8. d3 Nge7
9. Be3 Nd4 10. Ne1 Rb8 11. Qd2 O-O 12. Bh6 b5 13. Bxg7 Kxg7 14. axb5 axb5 15.
Nd1 Bb7 16. Ne3 h5 17. Rd1 d5 18. c3 Ndc6 19. exd5 exd5 20. d4 c4 21. f4 Bc8
22. Bf3 Bh3 23. Rf2 Qd7 24. N1g2 f5 25. Nh4 Bg4 26. Rdf1 Bxf3 27. Nxf3 Ng8 28.
Ne5 Qe6 29. Rf3 Nf6 30. Qg2 b4 31. h3 bxc3 32. bxc3 Ne4 33. Nxc6 Qxc6 34. Rc1
Kh7 35. h4 Rb3 36. Nd1 Rfb8 37. Rc2 Rb1 38. Rf1 R8b3 39. Kh2 Qb5 40. Qe2 Ra3
41. Nf2 Rxf1 42. Nxe4 dxe4 43. Qxf1 Kg7 44. Qe1 Kf7 45. Qc1 Qa5 46. Kh3 Ke6 47.
d5+ Kd6 48. Qe3 Qa7 49. Qe2 Qc5 50. Qe1 Qb6 51. Qc1 Ra5 52. Rb2 Rb5 53. Rxb5
Qxb5 54. Qa3+ Kxd5 55. Qa8+ Qc6 56. Qd8+ Qd6 57. Qa8+ Qc6 58. Qd8+ Ke6 59. Qg8+
Kd7 60. Qf7+ Kc8 61. Qf8+ Kc7 62. Qe7+ Kc8 63. Qf8+ Kb7 64. Qb4+ Ka6 65. Qa3+
Kb6 66. Qb4+ Qb5 67. Qd6+ Qc6 68. Qb4+ 1/2-1/2

[Event "Oregon Closed Championship"]
[Site "Portland, OR"]
[Date "2018.09.16"]
[Round "5.5"]
[White "Bjorksten, Lennart"]
[Black "Cigan, Jason D"]
[Result "1-0"]
[WhiteElo "2169"]
[BlackElo "2220"]
[PlyCount "95"]
[EventDate "2018.09.14"]
[EventType "tourn"]
[EventRounds "9"]
[EventCountry "USA"]
[SourceDate "2018.10.18"]

1. d4 Nf6 2. Nf3 g6 3. Nc3 d5 4. e3 Bg7 5. Bd3 O-O 6. e4 dxe4 7. Nxe4 Nxe4 8.
Bxe4 Nd7 9. c3 c5 10. O-O Nf6 11. Bc2 cxd4 12. Qxd4 Qxd4 13. Nxd4 b6 14. Re1 e6
15. Bf4 Bb7 16. a4 a6 17. Rad1 Rac8 18. f3 Rfd8 19. Nb3 Rxd1 20. Rxd1 Nd5 21.
Bc1 Kf8 22. Bd3 Ke8 23. Nd2 Ke7 24. Nf1 Be5 25. Ne3 Nxe3 26. Bxe3 Bc7 27. Kf2
Rd8 28. Ke2 h5 29. h4 Bc6 30. b3 Bb7 31. c4 a5 32. c5 bxc5 33. Bxc5+ Bd6 34.
Bb6 Ra8 35. Bb5 Ba6 36. Be3 Bxb5+ 37. axb5 Rb8 38. b6 Rb7 39. g4 Bb4 40. Bg5+
f6 41. Be3 Bd6 42. gxh5 gxh5 43. Rg1 Kd7 44. Rg6 Be7 45. Rh6 Bd8 46. Rxh5 Kc6
47. Rxa5 Bxb6 48. Ra6 1-0

[Event "Oregon Closed Championship"]
[Site "Portland, OR"]
[Date "2018.09.22"]
[Round "6.1"]
[White "Zavortink, Matt"]
[Black "Bjorksten, Lennart"]
[Result "1-0"]
[WhiteElo "2254"]
[BlackElo "2169"]
[PlyCount "53"]
[EventDate "2018.09.14"]
[EventType "tourn"]
[EventRounds "9"]
[EventCountry "USA"]
[SourceDate "2018.10.18"]

1. Nf3 d5 2. g3 Nf6 3. Bg2 e6 4. c4 Bd6 5. d4 c6 6. Nbd2 O-O 7. Qc2 Nbd7 8. O-O
Re8 9. e4 Nxe4 10. Nxe4 dxe4 11. Qxe4 e5 12. Re1 Nf6 13. Qh4 Bb4 14. Rxe5 Be6
15. Bg5 Bd6 16. Rae1 Bxe5 17. dxe5 h6 18. Bxf6 gxf6 19. exf6 Bf5 20. Rxe8+ Qxe8
21. Qxh6 Qf8 22. Qg5+ Bg6 23. Ne5 Qc5 24. h4 Re8 25. Qh6 Qf8 26. Qf4 Bh7 27.
Nd7 1-0

[Event "Oregon Closed Championship"]
[Site "Portland, OR"]
[Date "2018.09.22"]
[Round "6.2"]
[White "Cigan, Jason D"]
[Black "McCoy, Owen"]
[Result "0-1"]
[WhiteElo "2220"]
[BlackElo "2203"]
[PlyCount "75"]
[EventDate "2018.09.14"]
[EventType "tourn"]
[EventRounds "9"]
[EventCountry "USA"]
[SourceDate "2018.10.18"]

1. e4 c5 2. Nf3 d6 3. d4 cxd4 4. Nxd4 Nf6 5. Nc3 a6 6. f3 e6 7. Be3 b5 8. Qd2
Bb7 9. g4 h6 10. a3 Nbd7 11. O-O-O Rc8 12. h4 Nb6 13. Rg1 Nfd7 14. g5 hxg5 15.
Bxg5 Qc7 16. Bxb5 axb5 17. Ndxb5 Qb8 18. Nxd6+ Bxd6 19. Qxd6 Qxd6 20. Rxd6 f6
21. Bd2 Nc4 22. Rd4 e5 23. Rxd7 Kxd7 24. Rxg7+ Kc6 25. Nd5 Rxh4 26. c3 Rh1+ 27.
Kc2 Rh2 28. Ne7+ Kb6 29. Nxc8+ Bxc8 30. Rg6 Rxd2+ 31. Kc1 Rd6 32. a4 Ba6 33. b4
Bc8 34. Rg8 Bd7 35. b5 Rd3 36. Kc2 Rxf3 37. Ra8 Rf2+ 38. Kc1 0-1

[Event "Oregon Closed Championship"]
[Site "Portland, OR"]
[Date "2018.09.22"]
[Round "6.3"]
[White "Peng, Shunkai"]
[Black "Haessler, Carl A"]
[Result "1/2-1/2"]
[WhiteElo "2352"]
[BlackElo "2200"]
[PlyCount "154"]
[EventDate "2018.09.14"]
[EventType "tourn"]
[EventRounds "9"]
[EventCountry "USA"]
[SourceDate "2018.10.18"]

1. d4 d5 2. Bf4 c5 3. e3 Nc6 4. Nf3 Bg4 5. c3 e6 6. Nbd2 cxd4 7. exd4 Bd6 8.
Bg3 Nge7 9. Bd3 Bf5 10. Qe2 O-O 11. O-O Bxg3 12. hxg3 Qd6 13. Rfe1 Bxd3 14.
Qxd3 b5 15. b4 a5 16. a3 Rab8 17. Nb3 a4 18. Nc5 Ng6 19. Rad1 Nce7 20. Ng5 Qd8
21. g4 Nc8 22. f4 Nd6 23. g3 Re8 24. Nf3 Nc4 25. Ra1 Ne7 26. Kf2 Ng6 27. Rh1
Nf8 28. Rh5 g6 29. Rh2 f6 30. Rah1 Re7 31. g5 Rf7 32. gxf6 Qxf6 33. Ra1 g5 34.
fxg5 Qxg5 35. Ke2 Rxf3 36. Kxf3 Ng6 37. Kf2 Rf8+ 38. Kg1 Ne3 39. Kh1 Qxg3 40.
Qe2 Ng4 41. Rg2 Qh3+ 42. Kg1 Qxc3 43. Rf1 Rxf1+ 44. Qxf1 Qe3+ 45. Kh1 Qh3+ 46.
Kg1 Nh4 47. Rxg4+ Qxg4+ 48. Kh1 Nf5 49. Qxb5 Nxd4 50. Qe8+ Kg7 51. Qe7+ Kg6 52.
Qe8+ Kh6 53. Qf8+ Kh5 54. Qf7+ Qg6 55. Qf2 Qb1+ 56. Kg2 Qc2 57. Qxc2 Nxc2 58.
b5 Ne3+ 59. Kf3 Nc4 60. Nxa4 Nxa3 61. b6 Nc4 62. b7 Ne5+ 63. Ke3 Nc6 64. Nc5
Kg4 65. Nxe6 h5 66. Nd4 Nb8 67. Nf3 Kg3 68. Nd4 Kg4 69. Nf3 Kf5 70. Kd4 Kf4 71.
Ne5 h4 72. Ng6+ Kg3 73. Nxh4 Kxh4 74. Kxd5 Kg5 75. Kd6 Kf6 76. Kc7 Na6+ 77. Kb6
Nb8 1/2-1/2

[Event "Oregon Closed Championship"]
[Site "Portland, OR"]
[Date "2018.09.22"]
[Round "6.4"]
[White "Zhang, Gavin"]
[Black "Russell, Corey John"]
[Result "1/2-1/2"]
[WhiteElo "2015"]
[BlackElo "2225"]
[PlyCount "64"]
[EventDate "2018.09.14"]
[EventType "tourn"]
[EventRounds "9"]
[EventCountry "USA"]
[SourceDate "2018.10.18"]

1. d4 d5 2. Nf3 Nf6 3. c4 e6 4. g3 Nbd7 5. Qc2 Bd6 6. Bg2 O-O 7. O-O c6 8. Rd1
Ne4 9. c5 Bc7 10. Bf4 Bxf4 11. gxf4 f5 12. Nbd2 h6 13. e3 g5 14. Ne5 Nxe5 15.
fxe5 Nxd2 16. Rxd2 Bd7 17. Kh1 Be8 18. f4 g4 19. Rg1 Kh8 20. Bf1 Rg8 21. Rdg2
Qh4 22. Rg3 h5 23. Bd3 Bd7 24. b4 a5 25. a3 axb4 26. axb4 Ra3 27. Qe2 Rga8 28.
R3g2 R8a4 29. Rb1 Ra1 30. Qb2 Rxb1+ 31. Qxb1 Qd8 32. Ra2 Rxa2 1/2-1/2

[Event "Oregon Closed Championship"]
[Site "Portland, OR"]
[Date "2018.09.22"]
[Round "6.5"]
[White "Grabinsky, Joshua"]
[Black "Janniro, Mike E"]
[Result "1-0"]
[WhiteElo "2214"]
[BlackElo "2040"]
[PlyCount "145"]
[EventDate "2018.09.14"]
[EventType "tourn"]
[EventRounds "9"]
[EventCountry "USA"]
[SourceDate "2018.10.18"]

1. Nf3 Nf6 2. d4 d5 3. Bf4 e6 4. e3 Bd6 5. Bg3 O-O 6. Bd3 b6 7. Qe2 Ne4 8. Nbd2
Bb7 9. c3 Nd7 10. Rc1 Qe7 11. Ne5 f6 12. Nxd7 Qxd7 13. Bxd6 Qxd6 14. f4 Nxd2
15. Qxd2 e5 16. O-O c5 17. Qf2 cxd4 18. exd4 e4 19. Be2 a5 20. f5 g5 21. c4
Rac8 22. b3 Rfd8 23. Rfd1 Rc7 24. Rc2 Rdc8 25. Rdc1 Kg7 26. Qe3 Qd7 27. g4 b5
28. c5 Bc6 29. Kg2 Rh8 30. h4 h6 31. Rh1 Rcc8 32. Qf2 Qc7 33. Rc3 Qf4 34. Qe1
b4 35. Rch3 e3 36. hxg5 hxg5 37. Rxh8 Rxh8 38. Rxh8 Kxh8 39. Qg3 Qe4+ 40. Kg1
Qe8 41. Qd6 Kg7 42. Qc7+ Kf8 43. Kh2 Kg8 44. Kh3 Qe4 45. Kh2 Qc2 46. Qc8+ Kg7
47. Qa6 Be8 48. Kg3 Qe4 49. Qd6 Qh1 50. Qe7+ Bf7 51. Qxe3 Qe1+ 52. Kg2 Qb1 53.
Qd2 Qe4+ 54. Bf3 Qe8 55. Qd3 Qc6 56. Qe2 Kf8 57. Qe1 Qc7 58. Qe3 Bg8 59. Qd3
Qc6 60. Be2 Qe8 61. Kf2 Bf7 62. Qa6 Qe4 63. Qxf6 Qf4+ 64. Kg2 Qe4+ 65. Bf3 Qe3
66. Qe5 Qd2+ 67. Kg3 Qc1 68. f6 Qc3 69. Qb8+ Be8 70. Qd6+ Kg8 71. Qxd5+ Bf7 72.
Qxg5+ Kf8 73. Qe5 1-0

[Event "Oregon Closed Championship"]
[Site "Portland, OR"]
[Date "2018.09.22"]
[Round "7.1"]
[White "Grabinsky, Joshua"]
[Black "Zavortink, Matt"]
[Result "0-1"]
[WhiteElo "2214"]
[BlackElo "2254"]
[PlyCount "88"]
[EventDate "2018.09.14"]
[EventType "tourn"]
[EventRounds "9"]
[EventCountry "USA"]
[SourceDate "2018.10.18"]

1. e4 e6 2. d4 d5 3. Bd3 dxe4 4. Bxe4 Nf6 5. Bf3 Nbd7 6. Ne2 Bd6 7. Ng3 O-O 8.
O-O Re8 9. Nc3 e5 10. d5 a5 11. Re1 Nc5 12. Bg5 h6 13. Bxf6 Qxf6 14. Nce4 Nxe4
15. Rxe4 g6 16. Bg4 b6 17. Bxc8 Raxc8 18. Re2 Qh4 19. Ne4 f5 20. g3 Qe7 21.
Nxd6 cxd6 22. f4 e4 23. Qd4 b5 24. b3 Qg7 25. Qxg7+ Kxg7 26. Kf2 Rc3 27. Rc1
Rec8 28. Ke1 R8c5 29. Rd2 Kf6 30. Kd1 g5 31. Ke2 b4 32. a3 gxf4 33. gxf4 Rf3
34. axb4 axb4 35. Rf1 Rcc3 36. Rxf3 Rxf3 37. Rd4 Rxf4 38. Rxb4 Rh4 39. c4 Rxh2+
40. Kf1 Ke5 41. Rb8 e3 42. Re8+ Kf4 43. b4 Kf3 44. Kg1 Rc2 0-1

[Event "Oregon Closed Championship"]
[Site "Portland, OR"]
[Date "2018.09.22"]
[Round "7.2"]
[White "Janniro, Mike E"]
[Black "Zhang, Gavin"]
[Result "1-0"]
[WhiteElo "2040"]
[BlackElo "2015"]
[PlyCount "95"]
[EventDate "2018.09.14"]
[EventType "tourn"]
[EventRounds "9"]
[EventCountry "USA"]
[SourceDate "2018.10.18"]

1. c4 Nf6 2. g3 c5 3. Bg2 e6 4. Nf3 Nc6 5. Nc3 Be7 6. O-O O-O 7. d4 cxd4 8.
Nxd4 a6 9. b3 Qc7 10. Bb2 d6 11. Rc1 Ne5 12. Qd2 Bd7 13. f4 Ng6 14. e4 Rfe8 15.
Kh1 Rad8 16. f5 Nf8 17. fxe6 fxe6 18. Qe2 Qb8 19. Rce1 Qa7 20. Nf3 Bc6 21. e5
Ng4 22. Nd1 d5 23. Nd4 Nh6 24. Ne3 Bc5 25. Nxc6 bxc6 26. Bc1 Ng6 27. Nc2 Nf5
28. b4 Nd4 29. Nxd4 Bxd4 30. Bf4 Bc3 31. Rb1 Qd4 32. cxd5 cxd5 33. Qxa6 Nxe5
34. Rfd1 Qc4 35. b5 Ng4 36. Rf1 Bd4 37. h3 Nf2+ 38. Kh2 Ra8 39. Qc6 Qxa2 40. b6
Rac8 41. Bc7 Qa6 42. Bxd5 Qe2 43. Bg2 Nxh3 44. Rbe1 Qd2 45. Rxe6 Rf8 46. Rxf8+
Rxf8 47. Re8 Ng1 48. Qe6+ 1-0

[Event "Oregon Closed Championship"]
[Site "Portland, OR"]
[Date "2018.09.22"]
[Round "7.3"]
[White "Russell, Corey John"]
[Black "Peng, Shunkai"]
[Result "1-0"]
[WhiteElo "2225"]
[BlackElo "2352"]
[PlyCount "61"]
[EventDate "2018.09.14"]
[EventType "tourn"]
[EventRounds "9"]
[EventCountry "USA"]
[SourceDate "2018.10.18"]

1. e4 c5 2. Nf3 d6 3. d4 cxd4 4. Nxd4 Nf6 5. Nc3 a6 6. Bg5 Nbd7 7. Bc4 Qa5 8.
Qd2 e6 9. a3 h6 10. Be3 Ne5 11. Be2 Qc7 12. f4 Nc4 13. Bxc4 Qxc4 14. Qd3 Qc7
15. h3 Be7 16. O-O-O b5 17. e5 dxe5 18. fxe5 Qxe5 19. Nc6 Qc7 20. Nxe7 Kxe7 21.
Rhf1 Bb7 22. Bf4 Qc6 23. Bd6+ Ke8 24. Be5 Ke7 25. Qd4 Kf8 26. Rxf6 gxf6 27.
Bxf6 Rh7 28. Rd3 a5 29. Rg3 h5 30. Qd3 Qc7 31. Ne2 1-0

[Event "Oregon Closed Championship"]
[Site "Portland, OR"]
[Date "2018.09.22"]
[Round "7.4"]
[White "Haessler, Carl A"]
[Black "Cigan, Jason D"]
[Result "0-1"]
[WhiteElo "2200"]
[BlackElo "2220"]
[PlyCount "100"]
[EventDate "2018.09.14"]
[EventType "tourn"]
[EventRounds "9"]
[EventCountry "USA"]
[SourceDate "2018.10.18"]

1. f4 d5 2. Nf3 g6 3. e3 Bg7 4. Be2 Nf6 5. O-O O-O 6. d4 c5 7. c3 Nc6 8. Qe1
Qc7 9. Qh4 Ne4 10. g4 f6 11. Nbd2 cxd4 12. Nxe4 dxe4 13. Nxd4 Nxd4 14. exd4 f5
15. g5 Qb6 16. Qf2 Be6 17. Rd1 Rfd8 18. Bf1 Bxa2 19. Be3 Bb3 20. Rdc1 Qd6 21.
Ra3 Bf7 22. Rca1 a6 23. Ra5 Rac8 24. d5 Bxd5 25. Rd1 b5 26. c4 Qb4 27. Bb6 Rd6
28. Rxd5 Rxd5 29. cxd5 Rb8 30. Qc5 Qd2 31. Qe3 Qxd5 32. Ba7 Rb7 33. Bc5 Rc7 34.
Bb6 Rb7 35. Bc5 Rc7 36. Bb6 Rc6 37. Kh1 Qd1 38. Kg2 Qf3+ 39. Kg1 Qg4+ 40. Kf2
Rc2+ 41. Be2 Rxb2 42. Rxa6 Qh4+ 43. Kg1 Rb1+ 44. Bf1 Qg4+ 45. Qg3 Qd1 46. Qf2
Bc3 47. Ra8+ Kg7 48. h3 b4 49. Rd8 e3 50. Qg2 e2 0-1

[Event "Oregon Closed Championship"]
[Site "Portland, OR"]
[Date "2018.09.22"]
[Round "7.5"]
[White "McCoy, Owen"]
[Black "Bjorksten, Lennart"]
[Result "1/2-1/2"]
[WhiteElo "2203"]
[BlackElo "2169"]
[PlyCount "109"]
[EventDate "2018.09.14"]
[EventType "tourn"]
[EventRounds "9"]
[EventCountry "USA"]
[SourceDate "2018.10.18"]

1. Nf3 d5 2. g3 Nf6 3. Bg2 e6 4. O-O Bd6 5. d3 e5 6. Nbd2 Nc6 7. e4 dxe4 8.
dxe4 Bg4 9. h3 Be6 10. a3 h6 11. Qe2 Qd7 12. Kh2 g5 13. Nc4 g4 14. hxg4 Bxg4
15. c3 O-O-O 16. b4 Rdg8 17. b5 Nd8 18. Rd1 Qe6 19. Qd3 h5 20. Ng5 Rxg5 21.
Bxg5 Bxd1 22. Rxd1 Ng4+ 23. Kg1 f6 24. Nxd6+ Qxd6 25. Qxd6 cxd6 26. Bc1 Kc7 27.
f3 Nh6 28. Bh3 h4 29. gxh4 Nhf7 30. a4 Rxh4 31. Kg2 Ng5 32. Bxg5 fxg5 33. a5
Rh6 34. Kg3 Ne6 35. Bxe6 Rxe6 36. Rh1 Re7 37. Rh5 a6 38. c4 axb5 39. cxb5 d5
40. exd5 Rd7 41. b6+ Kd6 42. Rxg5 Rf7 43. Rg8 Kxd5 44. Rc8 Kd6 45. Rc4 Rf8 46.
Rc7 Ra8 47. Rxb7 Rxa5 48. Rf7 Ra4 49. Rf6+ Kc5 50. Rf7 Kxb6 51. Re7 Ra5 52.
Re6+ Kc7 53. Kg4 Kd7 54. Rb6 Ra4+ 55. Kf5 1/2-1/2

[Event "Oregon Closed Championship"]
[Site "Portland, OR"]
[Date "2018.09.23"]
[Round "8.1"]
[White "Zavortink, Matt"]
[Black "McCoy, Owen"]
[Result "1/2-1/2"]
[WhiteElo "2254"]
[BlackElo "2203"]
[PlyCount "138"]
[EventDate "2018.09.14"]
[EventType "tourn"]
[EventRounds "9"]
[EventCountry "USA"]
[SourceDate "2018.10.18"]

1. Nf3 c5 2. c4 Nc6 3. Nc3 g6 4. e3 Nf6 5. d4 cxd4 6. exd4 d5 7. cxd5 Nxd5 8.
Qb3 Nxc3 9. Bc4 e6 10. bxc3 Bd7 11. Be2 Qa5 12. O-O Bd6 13. Bh6 Rg8 14. Ng5 Be7
15. f4 Nd8 16. Ne4 Bc6 17. Bf3 Rc8 18. Bg5 Bxe4 19. Bxe7 Kxe7 20. Bxe4 Qxc3 21.
Qxc3 Rxc3 22. Rac1 Rxc1 23. Rxc1 Kd7 24. d5 exd5 25. Bxd5 Re8 26. Kf2 Re7 27.
g4 f6 28. h4 h6 29. Kf3 g5 30. hxg5 hxg5 31. fxg5 fxg5 32. Be4 Re5 33. Bf5+ Kd6
34. Be4 Ra5 35. Rd1+ Ke7 36. Rd2 Ra3+ 37. Kf2 Nc6 38. Bxc6 bxc6 39. Rc2 Kd6 40.
Rd2+ Kc7 41. Rc2 Kd6 42. Rd2+ Ke5 43. Rc2 Kd5 44. Rd2+ Kc4 45. Rc2+ Rc3 46. Re2
a5 47. Re5 Rc2+ 48. Kf1 Rxa2 49. Rxg5 a4 50. Ra5 Kb3 51. g5 Rd2 52. g6 a3 53.
g7 Rd8 54. Ra7 a2 55. Rb7+ Kc3 56. Ra7 Kb2 57. Rb7+ Ka1 58. Ke2 c5 59. Rb5 c4
60. g8=Q Rxg8 61. Kd2 Rg2+ 62. Kc3 Rg1 63. Kc2 Rb1 64. Rc5 Rb2+ 65. Kc1 Rb4 66.
Kc2 Rb2+ 67. Kc1 Rb1+ 68. Kc2 c3 69. Rxc3 Rc1+ 1/2-1/2

[Event "Oregon Closed Championship"]
[Site "Portland, OR"]
[Date "2018.09.23"]
[Round "8.2"]
[White "Bjorksten, Lennart"]
[Black "Haessler, Carl A"]
[Result "0-1"]
[WhiteElo "2169"]
[BlackElo "2200"]
[PlyCount "66"]
[EventDate "2018.09.14"]
[EventType "tourn"]
[EventRounds "9"]
[EventCountry "USA"]
[SourceDate "2018.10.18"]

1. d4 d5 2. Bf4 c5 3. e3 Nc6 4. c3 f6 5. Bd3 g6 6. Nf3 Bg4 7. Qc2 Bxf3 8. gxf3
c4 9. Bf1 e5 10. dxe5 fxe5 11. Bg3 Nf6 12. Nd2 Bg7 13. Rd1 b5 14. b3 Qa5 15.
Bh3 O-O 16. O-O Rad8 17. e4 d4 18. bxc4 Qxc3 19. Qxc3 dxc3 20. cxb5 Nd4 21. Nb3
c2 22. Rxd4 exd4 23. Bc7 d3 24. Be6+ Kh8 25. Ba5 Nh5 26. Bd2 Nf4 27. Bc4 Rc8
28. Na5 Ne2+ 29. Kg2 Rxc4 30. Nxc4 Rc8 31. Nd6 c1=Q 32. Bxc1 Rxc1 33. e5 d2 0-1

[Event "Oregon Closed Championship"]
[Site "Portland, OR"]
[Date "2018.09.23"]
[Round "8.3"]
[White "Cigan, Jason D"]
[Black "Russell, Corey John"]
[Result "1-0"]
[WhiteElo "2220"]
[BlackElo "2225"]
[PlyCount "93"]
[EventDate "2018.09.14"]
[EventType "tourn"]
[EventRounds "9"]
[EventCountry "USA"]
[SourceDate "2018.10.18"]

1. e4 e6 2. d4 d5 3. Nc3 Bb4 4. e5 c5 5. a3 Bxc3+ 6. bxc3 Ne7 7. Qg4 Kf8 8. h4
h5 9. Qf4 Qa5 10. Bd2 Qa4 11. dxc5 Qxf4 12. Bxf4 Nd7 13. Nf3 Nxc5 14. Rb1 Nc6
15. c4 dxc4 16. Bxc4 Ke7 17. O-O f6 18. Rbd1 Rd8 19. Rxd8 Nxd8 20. Rd1 Nf7 21.
Re1 Bd7 22. Bd2 a5 23. Bc3 b5 24. Bf1 Na4 25. Bd2 Nb6 26. exf6+ gxf6 27. Nd4
Nd6 28. Be2 Nbc4 29. Bc1 e5 30. Bxh5 Kd8 31. Nb3 Kc7 32. g3 Kb6 33. Bf3 e4 34.
Bg2 a4 35. Nd4 Kc5 36. c3 f5 37. Nc2 Nf7 38. Rd1 Nfe5 39. Nb4 Be6 40. Rd4 Ra7
41. Bg5 Nc6 42. Rxc4+ Bxc4 43. Be3+ Kd6 44. Nxc6 Rh7 45. Nd4 Ke5 46. Bh3 Rh5
47. Bf4+ 1-0

[Event "Oregon Closed Championship"]
[Site "Portland, OR"]
[Date "2018.09.23"]
[Round "8.4"]
[White "Peng, Shunkai"]
[Black "Janniro, Mike E"]
[Result "1/2-1/2"]
[WhiteElo "2352"]
[BlackElo "2040"]
[PlyCount "100"]
[EventDate "2018.09.14"]
[EventType "tourn"]
[EventRounds "9"]
[EventCountry "USA"]
[SourceDate "2018.10.18"]

1. e4 e6 2. d4 d5 3. Nd2 c5 4. Ngf3 Nc6 5. exd5 exd5 6. Bb5 Bd6 7. dxc5 Bxc5 8.
O-O Nge7 9. Nb3 Bb6 10. h3 O-O 11. c3 a6 12. Bd3 Qd6 13. Bc2 Ng6 14. Nfd4 Qf6
15. Be3 Bc7 16. Qh5 Qe5 17. Qxe5 Ncxe5 18. Rfd1 Nc4 19. Bc1 Bf4 20. Bxg6 Bxc1
21. Nxc1 hxg6 22. Nd3 Re8 23. Re1 Bd7 24. Nc5 Bc6 25. b3 Rxe1+ 26. Rxe1 Nd6 27.
Re7 Rc8 28. Re5 Nb5 29. Ne2 Nc7 30. a4 b6 31. Nd3 Re8 32. Nd4 Rxe5 33. Nxe5 Be8
34. f4 f6 35. Ng4 Kf7 36. Ne3 Bd7 37. Kf2 Ke7 38. Ke2 Be6 39. Kd3 Bf7 40. g3
Kd7 41. g4 Ne8 42. Nf3 Nd6 43. Nd2 Ne4 44. Nxe4 dxe4+ 45. Kc2 Kd6 46. c4 a5 47.
Kc3 Kc5 48. Nf1 f5 49. g5 Be6 50. Ne3 Bf7 1/2-1/2

[Event "Oregon Closed Championship"]
[Site "Portland, OR"]
[Date "2018.09.23"]
[Round "8.5"]
[White "Zhang, Gavin"]
[Black "Grabinsky, Joshua"]
[Result "0-1"]
[WhiteElo "2015"]
[BlackElo "2214"]
[PlyCount "128"]
[EventDate "2018.09.14"]
[EventType "tourn"]
[EventRounds "9"]
[EventCountry "USA"]
[SourceDate "2018.10.18"]

1. d4 Nf6 2. c4 e6 3. g3 d5 4. Nf3 Be7 5. Bg2 O-O 6. Qc2 a6 7. cxd5 exd5 8. Bf4
Nc6 9. a3 Bg4 10. Qd3 Ne4 11. Nfd2 Bf5 12. Nxe4 Bxe4 13. Bxe4 dxe4 14. Qxe4
Qxd4 15. Nc3 Rfe8 16. Qxd4 Nxd4 17. O-O-O Bf6 18. e3 Ne6 19. Nd5 Bd8 20. Be5
Ng5 21. Bd4 Rc8 22. Kb1 Be7 23. Nxe7+ Rxe7 24. Bc5 Re6 25. Bb4 c5 26. Rc1 Rec6
27. Bc3 Rd8 28. Rhd1 Rcd6 29. Kc2 f5 30. Ba5 Rxd1 31. Rxd1 Rxd1 32. Kxd1 b5 33.
Bb6 Ne6 34. Ke2 Kf7 35. Kd3 Ke7 36. a4 Kd6 37. axb5 axb5 38. Ba5 b4 39. Kc4 Kc6
40. h4 g5 41. hxg5 Nxg5 42. Bd8 Ne4 43. Be7 h5 44. Bf8 Nd2+ 45. Kd3 Nf3 46. Bg7
Kd5 47. Ke2 Ng5 48. f3 Ne6 49. Bf6 Kc4 50. Kd2 Kb3 51. e4 fxe4 52. f4 Kc4 53.
f5 Nf8 54. Be7 Nd7 55. Ke3 Kd5 56. f6 Ke6 57. Kxe4 Nxf6+ 58. Bxf6 Kxf6 59. Kd5
Kf5 60. Kxc5 Kg4 61. Kxb4 Kxg3 62. Ka5 h4 63. b4 h3 64. b5 h2 0-1

[Event "Oregon Closed Championship"]
[Site "Portland, OR"]
[Date "2018.09.23"]
[Round "9.1"]
[White "Zhang, Gavin"]
[Black "Zavortink, Matt"]
[Result "1/2-1/2"]
[WhiteElo "2015"]
[BlackElo "2254"]
[PlyCount "72"]
[EventDate "2018.09.14"]
[EventType "tourn"]
[EventRounds "9"]
[EventCountry "USA"]
[SourceDate "2018.10.18"]

1. c4 e6 2. g3 d5 3. Bg2 Nf6 4. Nf3 dxc4 5. Qa4+ Nbd7 6. Qxc4 c5 7. O-O b6 8.
d3 Bb7 9. b3 Be7 10. Bb2 O-O 11. Nbd2 a6 12. Rac1 b5 13. Qc2 Rc8 14. Rfd1 Qb6
15. Qb1 Rc7 16. Ne4 Nxe4 17. dxe4 Rfc8 18. Ne5 Nf8 19. Rc2 f6 20. Ng4 c4 21.
Bd4 Qa5 22. bxc4 Rxc4 23. Ne3 Rxc2 24. Nxc2 Qa4 25. Ne3 Rd8 26. Bb2 Rxd1+ 27.
Nxd1 Qc4 28. e3 Kf7 29. e5 Bxg2 30. Kxg2 f5 31. Bd4 Nd7 32. Qb2 Qd5+ 33. Kg1
Nxe5 34. Bxe5 Qxd1+ 35. Kg2 Qd5+ 36. Kg1 Qd1+ 1/2-1/2

[Event "Oregon Closed Championship"]
[Site "Portland, OR"]
[Date "2018.09.23"]
[Round "9.2"]
[White "Grabinsky, Joshua"]
[Black "Peng, Shunkai"]
[Result "0-1"]
[WhiteElo "2214"]
[BlackElo "2352"]
[PlyCount "66"]
[EventDate "2018.09.14"]
[EventType "tourn"]
[EventRounds "9"]
[EventCountry "USA"]
[SourceDate "2018.10.18"]

1. e4 c5 2. Nf3 d6 3. d4 cxd4 4. Nxd4 Nf6 5. Nc3 a6 6. h3 e5 7. Nde2 h5 8. g3
Be7 9. Bg2 Nbd7 10. O-O b5 11. Nd5 Nxd5 12. exd5 Bb7 13. a4 Nb6 14. a5 Nd7 15.
f4 Rc8 16. fxe5 Nxe5 17. Nd4 g6 18. Bf4 O-O 19. Kh1 Bf6 20. c3 Re8 21. Bxe5
Bxe5 22. Qf3 f5 23. Rad1 Qg5 24. Rd3 Bxd4 25. Rxd4 Re3 26. Qf4 Qxf4 27. gxf4
Re2 28. Rb1 Rce8 29. Rd3 Rf2 30. Bf3 Rxf3 31. Rxf3 Bxd5 32. Kg2 Re2+ 33. Kg3
h4+ 0-1

[Event "Oregon Closed Championship"]
[Site "Portland, OR"]
[Date "2018.09.23"]
[Round "9.3"]
[White "Janniro, Mike E"]
[Black "Cigan, Jason D"]
[Result "1-0"]
[WhiteElo "2040"]
[BlackElo "2220"]
[PlyCount "78"]
[EventDate "2018.09.14"]
[EventType "tourn"]
[EventRounds "9"]
[EventCountry "USA"]
[SourceDate "2018.10.18"]

1. c4 Nf6 2. Nc3 g6 3. d4 d5 4. cxd5 Nxd5 5. e4 Nxc3 6. bxc3 Bg7 7. Be3 c5 8.
Nf3 Qa5 9. Qd2 O-O 10. Be2 Nc6 11. O-O cxd4 12. Nxd4 Rd8 13. Qb2 Bd7 14. Rac1
Qc7 15. f4 e6 16. Nb5 Qa5 17. Nd6 Rab8 18. Rfd1 b5 19. e5 Ne7 20. Bf3 Bc6 21.
Bxc6 Nxc6 22. Qf2 Qa4 23. Qf3 Ne7 24. Qf2 Rd7 25. Bc5 Nd5 26. Rd4 Qa6 27. c4
bxc4 28. Rdxc4 Bf8 29. g4 f6 30. f5 gxf5 31. gxf5 Rg7+ 32. Kh1 fxe5 33. f6 Rg6
34. f7+ Kh8 35. Ne8 Ne7 36. h3 Rd8 37. Kh2 Qb7 38. Rg4 Rxg4 39. hxg4 Rxe8 1-0

[Event "Oregon Closed Championship"]
[Site "Portland, OR"]
[Date "2018.09.23"]
[Round "9.4"]
[White "Russell, Corey John"]
[Black "Bjorksten, Lennart"]
[Result "1-0"]
[WhiteElo "2225"]
[BlackElo "2169"]
[PlyCount "115"]
[EventDate "2018.09.14"]
[EventType "tourn"]
[EventRounds "9"]
[EventCountry "USA"]
[SourceDate "2018.10.18"]

1. e4 e5 2. Nf3 Nc6 3. d4 exd4 4. Bc4 Nf6 5. O-O Bc5 6. c3 d5 7. exd5 Nxd5 8.
Re1+ Be6 9. Ng5 Qd7 10. Nxe6 fxe6 11. Qh5+ Kd8 12. Bg5+ Kc8 13. Nd2 dxc3 14.
bxc3 Na5 15. Bb3 Nxb3 16. Nxb3 Bd6 17. c4 Nf6 18. Qh4 Re8 19. c5 Bf8 20. Rad1
Qf7 21. c6 b6 22. Bxf6 Qxf6 23. Qxf6 gxf6 24. Rd7 Bb4 25. Red1 e5 26. Rxh7 Bd6
27. Rd5 Kd8 28. Rf7 Rh8 29. g3 Ke8 30. Rxf6 Ke7 31. Rg6 Rag8 32. Rxg8 Rxg8 33.
f3 Ke6 34. Rd3 a5 35. Kg2 a4 36. Nd2 b5 37. Ne4 b4 38. h4 Rb8 39. Rd1 a3 40.
Nxd6 cxd6 41. Rc1 d5 42. h5 Kd6 43. c7 Rc8 44. h6 b3 45. axb3 Rxc7 46. Ra1 Ra7
47. b4 d4 48. g4 Ke6 49. b5 Kf6 50. b6 Ra8 51. b7 Rb8 52. Rxa3 Rxb7 53. Ra6+
Kg5 54. Kg3 Rd7 55. Re6 d3 56. h7 Rxh7 57. Rxe5+ Kf6 58. Rd5 1-0